Online Catalogue and eLibrary

The Sexual Subject: (Record no. 1186)

MARC details
000 -LEADER
fixed length control field 00512nam a2200205Ia 4500
005 - DATE AND TIME OF LATEST TRANSACTION
control field 20250325030032.0
008 - FIXED-LENGTH DATA ELEMENTS--GENERAL INFORMATION
fixed length control field 240331s9999 xx 000 0 und d
020 ## - INTERNATIONAL STANDARD BOOK NUMBER
ISBN 0415074673
082 ## - DDC Classification
Class No. 302.234
Item Number - Author Mark SCR
DDC Edition Number 3945
100 ## - MAIN ENTRY--PERSONAL NAME
Personal name Screen
245 #4 - TITLE STATEMENT
Title The Sexual Subject:
Remainder of title A Screen Reader in Sexuality
260 ## - PUBLICATION, DISTRIBUTION, ETC.
Place of publication, distribution, etc. London;
-- New York,
Name of publisher, distributor, etc. Routledge
Date of publication, distribution, etc. 1992
300 ## - PHYSICAL DESCRIPTION
Extent (e.g. Volumes, Pages etc.) viii, 339 p.,
650 ## - SUBJECT ADDED ENTRY--TOPICAL TERM
Topical term or geographic name entry element Sexuality
650 ## - SUBJECT ADDED ENTRY--TOPICAL TERM
Topical term or geographic name entry element Cinema
650 ## - SUBJECT ADDED ENTRY--TOPICAL TERM
Topical term or geographic name entry element Psychoanalysis
650 ## - SUBJECT ADDED ENTRY--TOPICAL TERM
Topical term or geographic name entry element Women
650 ## - SUBJECT ADDED ENTRY--TOPICAL TERM
Topical term or geographic name entry element Society
942 ## - Koha item type (Biblio)
Koha item type Books in Stacks (Lending)
Holdings
Lost status Damaged status Collection code Home library Current library Shelving location Date acquired Full call number Accession Number Item type
    Lending WERC Library WERC Library Social Science Cupboard 03/31/2024 302.234 SCR 3945 Books in Stacks (Lending)

© WERC Library